00394nam a2200157Ia 4500008004100000020001100041041001200052082001100064100001800075245005900093250000800152260004000160300000800200650001600208700001200224221030s9999 xx 000 0 und d a817008 aEnglish a105.23 aS. Maheshwari 0aDatabase Management Systemscby S. Maheshwari, R. Jain a2nd bFirewall Media PubaNew Delhic2007 a531 aBE Computer aR. Jain